| 000 | 00687nam a22002171 4500 | ||
|---|---|---|---|
| 001 | bimo0000943692 | ||
| 003 | OSt | ||
| 005 | 20140618213006.0 | ||
| 008 | 900725s1959 an spa | ||
| 040 | _cBMC | ||
| 082 | _a200.61689 | ||
| 100 | 1 |
_912057 _aGreeff, Etienne de _d1898-1961 |
|
| 245 | 1 | 0 |
_aPsiquiatría y religión _cÉtienne de Greeff ; [versión... de A. Segarra] |
| 260 | 0 |
_aAndorra _bCasal i Vall _c1959 |
|
| 300 |
_a158 p. _c19 cm |
||
| 490 | 0 |
_aYo sé - Yo creo. Los problemas del mundo y de la Iglesia _v92 |
|
| 595 | _aTraducción de: psichiatrie et religion | ||
| 650 | 2 | 4 |
_aReligión y psiquiatría _912056 |
| 700 | 1 | 1 |
_96115 _aSegarra, Ángel |
| 942 |
_2ddc _cBK |
||
| 999 |
_c6080 _d6080 |
||